000 00732nam a2200241Ia 4500
003 OSt
005 20220918200923.0
006 a|||||r|||| 00| 0
007 ta
008 220917b |||||||| |||| 00| 0 eng d
024 _a90,829
037 _cTextual
040 _aARTS
_cARTS
_beng
041 _2eng
_aeng
082 _aU8:73:J, K5
100 _aWright Louis B. Ed
_979022
245 0 _aElizabethan's America
_b A collection of early reports by Englishmen on the new world
260 _aNA
_bNA
_c1965
490 _aStratford upon avon Library ed by John Russell Brown and Bernard Harris; 2
650 _aGEOGRAPHY
942 _hU8:73:J, K5
_cTEXL
_2CC
999 _c214489
_d214489